000 00309 a2200109 4500
001 121505
020 _a9788532635792
040 _cEscola Canadense de Niteroi
100 _aMario Sergio Cortella
245 1 0 _aQual é a tua Obra? - Inquietações Propositivas sobre Gestão, Liderança e Ética.
942 _cBK
999 _c121505
_d121505